000 00342 a2200169 4500
001 50047
020 _a8505058195
040 _cAnchieta - Bela Vista
100 _aRagache, Gilles
240 1 0 _aA Europa
_lpor
245 1 0 _aA Europa
300 _a48
362 0 _a1996
440 1 _aÁtica
650 4 _aLiteratura juvenil
942 _cBK
999 _c50047
_d50047